[Event "Larsens Nordjyske Mindeturnering2018"]
[Site "KATEDRALSKOLEN AALBORG"]
[Date "2018.10.16"]
[Round "4.6"]
[White "Ørtoft, Kai"]
[Black "Hvenekilde, Jørgen"]
[Result "1/2-1/2"]
[LiveChessVersion "1.4.8"]
[BlackElo "2034"]
[WhiteElo "1957"]

1. d4 {[%clk 1:30:30]} d6 {[%clk 1:30:39]} 2. c4 {[%clk 1:31:03]} e5
{[%clk 1:30:09]} 3. dxe5 {[%clk 1:28:40]} dxe5 {[%clk 1:30:27]} 4. Qxd8+
{[%clk 1:29:00]} Kxd8 {[%clk 1:30:48]} 5. Nf3 {[%clk 1:26:24]} f6
{[%clk 1:30:24]} 6. e3 {[%clk 1:25:48]} c6 {[%clk 1:30:03]} 7. Be2
{[%clk 1:26:03]} Be6 {[%clk 1:29:03]} 8. O-O {[%clk 1:26:06]} Nd7
{[%clk 1:28:40]} 9. Bd2 {[%clk 1:20:37]} a5 {[%clk 1:27:52]} 10. Nc3
{[%clk 1:20:24]} Nh6 {[%clk 1:27:05]} 11. Rfd1 {[%clk 1:17:27]} Nf7
{[%clk 1:17:12]} 12. Be1 {[%clk 1:09:05]} Kc7 {[%clk 1:10:42]} 13. Na4
{[%clk 1:07:51]} Nc5 {[%clk 1:05:47]} 1/2-1/2

[Event "Larsens Nordjyske Mindeturnering2018"]
[Site "KATEDRALSKOLEN AALBORG"]
[Date "2018.10.17"]
[Round "5.1"]
[White "Andersen, Mikhael"]
[Black "Jensen, Vagn"]
[Result "1/2-1/2"]
[LiveChessVersion "1.4.8"]
[BlackElo "2172"]
[WhiteElo "1985"]

1. c4 {[%clk 1:30:57]} e5 {[%clk 1:30:23]} 2. Nc3 {[%clk 1:31:11]} Nf6
{[%clk 1:30:38]} 3. g3 {[%clk 1:31:17]} c6 {[%clk 1:29:35]} 4. Bg2
{[%clk 1:31:13]} d5 {[%clk 1:28:48]} 5. d4 {[%clk 1:26:18]} e4 {[%clk 1:28:12]}
6. Bg5 {[%clk 1:22:46]} Nbd7 {[%clk 1:25:57]} 7. cxd5 {[%clk 1:19:07]} cxd5
{[%clk 1:25:57]} 8. Qa4 {[%clk 1:18:47]} Qb6 {[%clk 1:14:52]} 9. Rc1
{[%clk 0:52:42]} Qxb2 {[%clk 1:09:41]} 10. Nb5 {[%clk 0:42:33]} Bb4+
{[%clk 1:07:31]} 11. Kf1 {[%clk 0:42:39]} O-O {[%clk 1:05:44]} 12. Rc2
{[%clk 0:42:42]} Qb1+ {[%clk 1:00:02]} 13. Rc1 {[%clk 0:42:46]} Qb2
{[%clk 0:59:07]} 1/2-1/2

[Event "Larsens Nordjyske Mindeturnering2018"]
[Site "KATEDRALSKOLEN AALBORG"]
[Date "2018.10.17"]
[Round "5.2"]
[White "Åke Malmdin, Nils"]
[Black "O Andersen, Per"]
[Result "1/2-1/2"]
[LiveChessVersion "1.4.8"]
[BlackElo "1952"]
[WhiteElo "2141"]

1. e4 {[%clk 1:30:44]} c5 {[%clk 1:29:54]} 2. Nf3 {[%clk 1:31:02]} e6
{[%clk 1:30:16]} 3. Nc3 {[%clk 1:31:11]} Nc6 {[%clk 1:29:56]} 4. d4
{[%clk 1:31:29]} cxd4 {[%clk 1:30:14]} 5. Nxd4 {[%clk 1:31:49]} Qc7
{[%clk 1:30:29]} 6. Be3 {[%clk 1:31:51]} a6 {[%clk 1:29:14]} 7. Bd3
{[%clk 1:30:40]} Nf6 {[%clk 1:29:16]} 8. O-O {[%clk 1:29:35]} Nxd4
{[%clk 1:27:28]} 9. Bxd4 {[%clk 1:28:44]} Bc5 {[%clk 1:27:38]} 10. Bxc5
{[%clk 1:27:21]} Qxc5 {[%clk 1:26:50]} 11. Na4 {[%clk 1:17:27]} Qc7
{[%clk 1:23:59]} 12. c4 {[%clk 1:14:01]} d6 {[%clk 1:10:02]} 13. Rc1
{[%clk 1:03:39]} O-O {[%clk 1:01:34]} 14. Kh1 {[%clk 0:57:01]} b6
{[%clk 0:51:57]} 15. Qe2 {[%clk 0:41:21]} Bb7 {[%clk 0:47:38]} 16. f3
{[%clk 0:35:15]} Bc6 {[%clk 0:39:39]} 17. Nc3 {[%clk 0:35:29]} Qb7
{[%clk 0:36:54]} 18. a3 {[%clk 0:29:53]} d5 {[%clk 0:25:37]} 19. e5
{[%clk 0:27:52]} dxc4 {[%clk 0:24:08]} 20. Bb1 {[%clk 0:22:47]} Nd5
{[%clk 0:19:20]} 21. Ne4 {[%clk 0:17:29]} b5 {[%clk 0:18:26]} 22. f4
{[%clk 0:17:10]} f5 {[%clk 0:15:04]} 23. exf6 {[%clk 0:16:49]} Nxf6
{[%clk 0:13:02]} 24. Nc5 Qf7 {[%clk 0:11:28]} 25. Nxe6 {[%clk 0:16:19]} Rfe8
{[%clk 0:11:25]} 26. f5 {[%clk 0:16:05]} Bd5 {[%clk 0:11:17]} 27. Rce1
{[%clk 0:16:19]} Bxe6 {[%clk 0:08:57]} 28. fxe6 {[%clk 0:16:41]} Qe7
{[%clk 0:09:00]} 29. Qf3 {[%clk 0:14:07]} Rad8 {[%clk 0:08:04]} 30. g4
{[%clk 0:13:12]} Rf8 {[%clk 0:07:12]} 31. g5 {[%clk 0:06:47]} Nd5
{[%clk 0:06:33]} 32. Qe4 {[%clk 0:03:16]} g6 {[%clk 0:06:20]} 33. Rxf8+
{[%clk 0:03:20]} Qxf8 {[%clk 0:03:52]} 34. Rd1 {[%clk 0:02:17]} Ne7
{[%clk 0:03:33]} 35. Rxd8 {[%clk 0:02:23]} Qxd8 {[%clk 0:03:54]} 36. Bc2
{[%clk 0:02:35]} Qd5 {[%clk 0:03:05]} 37. h4 {[%clk 0:02:32]} a5 {[%clk 0:02:19]}
38. Kh2 {[%clk 0:02:32]} Qxe4 {[%clk 0:02:34]} 39. Bxe4 {[%clk 0:03:00]} b4
{[%clk 0:02:36]} 40. axb4 {[%clk 0:02:46]} axb4 {[%clk 0:03:00]} 41. Kg3
{[%clk 0:02:48]} Nf5+ {[%clk 0:26:06]} 42. Kf4 {[%clk 0:30:55]} Kf8
{[%clk 0:20:43]} 43. h5 {[%clk 0:30:40]} Ng7 {[%clk 0:16:00]} 44. hxg6
{[%clk 0:28:54]} hxg6 {[%clk 0:15:24]} 45. Ke5 {[%clk 0:26:14]} Ke7
{[%clk 0:14:16]} 46. Kd4 {[%clk 0:24:40]} c3 {[%clk 0:14:00]} 47. bxc3
{[%clk 0:24:53]} Nxe6+ {[%clk 0:12:53]} 48. Kc4 {[%clk 0:25:06]} bxc3
{[%clk 0:13:13]} 49. Kxc3 {[%clk 0:25:19]} Nxg5 {[%clk 0:13:20]} 50. Bxg6
{[%clk 0:25:38]} 1/2-1/2

[Event "Larsens Nordjyske Mindeturnering2018"]
[Site "KATEDRALSKOLEN AALBORG"]
[Date "2018.10.17"]
[Round "5.3"]
[White "Nørregaard, Claus"]
[Black "Nyholm Hansen, John"]
[Result "0-1"]
[LiveChessVersion "1.4.8"]
[BlackElo "2065"]
[WhiteElo "1944"]

1. d4 {[%clk 1:30:43]} Nf6 {[%clk 1:30:23]} 2. c4 {[%clk 1:31:02]} e6
{[%clk 1:30:34]} 3. g3 {[%clk 1:31:00]} d5 {[%clk 1:29:05]} 4. Bg2
{[%clk 1:31:21]} Be7 {[%clk 1:28:58]} 5. Nf3 {[%clk 1:31:39]} O-O
{[%clk 1:28:50]} 6. O-O {[%clk 1:31:56]} dxc4 {[%clk 1:26:56]} 7. Nc3
{[%clk 1:25:20]} Nbd7 {[%clk 1:14:34]} 8. e4 {[%clk 1:20:27]} c5 {[%clk 1:04:16]}
9. Qe2 {[%clk 1:13:37]} a6 {[%clk 0:57:29]} 10. Qxc4 {[%clk 1:07:17]} b5
{[%clk 0:54:38]} 11. Qe2 {[%clk 1:03:04]} Bb7 {[%clk 0:53:39]} 12. e5
{[%clk 0:57:16]} Nd5 {[%clk 0:49:01]} 13. Nxd5 {[%clk 0:53:25]} Bxd5
{[%clk 0:49:01]} 14. dxc5 {[%clk 0:52:47]} Bc4 {[%clk 0:44:14]} 15. Qc2
{[%clk 0:45:24]} Bxf1 {[%clk 0:43:15]} 16. Kxf1 {[%clk 0:44:53]} Nxc5
{[%clk 0:28:27]} 17. Bg5 {[%clk 0:36:59]} Rc8 {[%clk 0:18:29]} 18. Rd1
{[%clk 0:37:09]} Qe8 {[%clk 0:17:59]} 19. h4 {[%clk 0:34:32]} h6 {[%clk 0:17:11]}
20. Be3 {[%clk 0:33:21]} Na4 {[%clk 0:15:07]} 21. Qe2 {[%clk 0:29:05]} Qc6
{[%clk 0:09:52]} 22. Nd4 {[%clk 0:16:04]} Qc4 {[%clk 0:09:34]} 23. Qxc4
{[%clk 0:12:56]} bxc4 {[%clk 0:09:58]} 24. Nc6 {[%clk 0:13:00]} Rc7
{[%clk 0:07:57]} 25. b3 {[%clk 0:07:44]} cxb3 {[%clk 0:05:57]} 26. axb3
{[%clk 0:07:50]} Nc3 {[%clk 0:03:58]} 27. Rc1 {[%clk 0:04:37]} Nd5
{[%clk 0:03:22]} 28. Bxd5 {[%clk 0:04:56]} exd5 {[%clk 0:03:43]} 29. Nxe7+
{[%clk 0:05:16]} Rxe7 {[%clk 0:04:06]} 30. Bc5 {[%clk 0:05:27]} Rc8
{[%clk 0:03:48]} 31. b4 {[%clk 0:05:39]} Rxe5 {[%clk 0:03:49]} 32. Ra1
{[%clk 0:05:46]} Rc6 {[%clk 0:03:52]} 33. Ra2 {[%clk 0:05:33]} Re4
{[%clk 0:03:57]} 34. Ra5 {[%clk 0:02:08]} f6 {[%clk 0:03:04]} 35. Ra3
{[%clk 0:02:20]} Kf7 {[%clk 0:03:20]} 36. Ra5 {[%clk 0:01:58]} Ke6
{[%clk 0:03:25]} 37. Kg2 {[%clk 0:01:45]} h5 {[%clk 0:03:47]} 38. Ra2
{[%clk 0:01:39]} Kf5 {[%clk 0:03:27]} 39. f3 {[%clk 0:01:38]} Rc4
{[%clk 0:03:21]} 40. Ra5 {[%clk 0:01:13]} Rc2+ {[%clk 0:03:16]} 41. Kh3
{[%clk 0:01:40]} Rc3 {[%clk 0:25:33]} 42. Kg2 {[%clk 0:29:25]} Rc2+
{[%clk 0:18:18]} 43. Kh3 {[%clk 0:29:48]} g5 {[%clk 0:16:00]} 44. g4+
{[%clk 0:27:55]} hxg4+ {[%clk 0:15:52]} 45. fxg4+ {[%clk 0:28:15]} Kf4
{[%clk 0:15:52]} 46. Ra3 {[%clk 0:26:16]} gxh4 {[%clk 0:14:38]} 47. Be3+
{[%clk 0:25:04]} Ke4 {[%clk 0:14:51]} 48. Bc5 {[%clk 0:24:45]} d4
{[%clk 0:14:54]} 49. Kxh4 d3 50. Kg3 {[%clk 0:22:18]} R2xc5 {[%clk 0:13:39]} 51.
bxc5 {[%clk 0:22:14]} d2 {[%clk 0:14:00]} 0-1

[Event "Larsens Nordjyske Mindeturnering2018"]
[Site "KATEDRALSKOLEN AALBORG"]
[Date "2018.10.17"]
[Round "5.4"]
[White "Johan Andersen, Carl"]
[Black "Jørgen Christiansen, Jens"]
[Result "0-1"]
[LiveChessVersion "1.4.8"]
[BlackElo "2063"]
[WhiteElo "1900"]

1. e4 {[%clk 1:30:52]} c6 {[%clk 1:30:57]} 2. d4 {[%clk 1:31:20]} d5
{[%clk 1:31:25]} 3. e5 {[%clk 1:31:49]} Bf5 {[%clk 1:31:54]} 4. Nf3
{[%clk 1:32:17]} e6 {[%clk 1:32:22]} 5. Be2 {[%clk 1:32:44]} c5 {[%clk 1:32:50]}
6. Be3 {[%clk 1:33:10]} Nc6 {[%clk 1:31:56]} 7. Nc3 {[%clk 1:32:51]} cxd4
{[%clk 1:28:26]} 8. Nxd4 {[%clk 1:32:41]} Nxd4 {[%clk 1:27:32]} 9. Bxd4
{[%clk 1:32:17]} Ne7 {[%clk 1:27:42]} 10. O-O {[%clk 1:27:54]} Nc6
{[%clk 1:28:00]} 11. f4 {[%clk 1:26:47]} Bxc2 {[%clk 1:25:07]} 12. Qxc2
{[%clk 1:20:16]} Nxd4 {[%clk 1:25:32]} 13. Qa4+ {[%clk 1:20:40]} Nc6
{[%clk 1:25:57]} 14. Bb5 {[%clk 1:20:40]} Qb6+ {[%clk 1:23:18]} 15. Kh1
{[%clk 1:21:07]} Bc5 {[%clk 1:20:52]} 16. f5 {[%clk 1:18:52]} Bd4
{[%clk 1:03:28]} 17. Rad1 {[%clk 1:16:05]} Bxe5 {[%clk 0:53:23]} 18. fxe6
{[%clk 1:13:12]} fxe6 {[%clk 0:52:14]} 19. Qg4 {[%clk 1:12:52]} O-O-O
{[%clk 0:46:22]} 20. Qxe6+ {[%clk 1:12:20]} Kb8 {[%clk 0:46:42]} 21. Bxc6 Bxc3
{[%clk 0:47:00]} 22. bxc3 {[%clk 1:08:16]} Qxc6 {[%clk 0:47:05]} 23. Qe5+
{[%clk 1:08:07]} Qc7 {[%clk 0:46:13]} 24. Qxc7+ {[%clk 1:07:42]} Kxc7
{[%clk 0:46:31]} 25. Rf7+ {[%clk 1:07:58]} Rd7 {[%clk 0:46:48]} 26. Rxd7+
{[%clk 1:07:58]} Kxd7 {[%clk 0:47:17]} 27. c4 {[%clk 1:06:23]} Rc8
{[%clk 0:46:17]} 28. Kg1 {[%clk 1:03:04]} Rxc4 {[%clk 0:45:45]} 29. Rxd5+
{[%clk 1:03:26]} Ke6 {[%clk 0:44:57]} 30. Ra5 {[%clk 0:59:44]} a6
{[%clk 0:45:08]} 31. Kf2 {[%clk 0:59:46]} Rc2+ {[%clk 0:44:12]} 32. Kf3
{[%clk 1:00:13]} Rb2 {[%clk 0:44:13]} 33. h4 {[%clk 0:59:54]} Rb5
{[%clk 0:43:01]} 34. Rxb5 {[%clk 0:59:38]} axb5 {[%clk 0:43:27]} 35. Ke4
{[%clk 1:00:00]} h5 {[%clk 0:43:33]} 36. Kd4 {[%clk 0:59:34]} Kf5
{[%clk 0:40:56]} 37. Kc5 {[%clk 0:58:39]} Kg4 {[%clk 0:41:20]} 38. Kxb5
{[%clk 0:58:52]} Kxh4 {[%clk 0:41:46]} 39. Kb6 {[%clk 0:59:10]} Kg3
{[%clk 0:42:13]} 40. a4 {[%clk 0:59:33]} Kxg2 {[%clk 0:42:37]} 41. a5
{[%clk 0:59:59]} h4 {[%clk 0:42:59]} 42. Kxb7 {[%clk 1:00:23]} h3
{[%clk 0:43:24]} 43. a6 {[%clk 1:00:40]} h2 {[%clk 0:43:50]} 0-1

[Event "Larsens Nordjyske Mindeturnering2018"]
[Site "KATEDRALSKOLEN AALBORG"]
[Date "2018.10.17"]
[Round "5.5"]
[White "Zachariassen, John"]
[Black "Taksrud, Vidar"]
[Result "0-1"]
[LiveChessVersion "1.4.8"]
[BlackElo "2040"]
[WhiteElo "1911"]

1. c4 {[%clk 0:00:00]} c5 {[%clk 1:30:31]} 2. Nf3 {[%clk 1:31:00]} Nc6
{[%clk 1:30:49]} 3. Nc3 {[%clk 1:31:13]} g6 {[%clk 1:30:46]} 4. g3
{[%clk 1:31:33]} Bg7 {[%clk 1:31:07]} 5. Bg2 {[%clk 1:31:55]} Nh6
{[%clk 1:29:17]} 6. O-O {[%clk 1:31:09]} O-O {[%clk 1:29:21]} 7. d3
{[%clk 1:30:12]} Nf5 {[%clk 1:29:07]} 8. Rb1 {[%clk 1:28:17]} d6 {[%clk 1:25:35]}
9. a3 {[%clk 1:25:27]} Rb8 10. Bd2 {[%clk 1:24:23]} Bd7 {[%clk 1:22:04]} 11. e3
{[%clk 1:23:56]} a6 {[%clk 1:21:56]} 12. e4 {[%clk 1:22:54]} Nfd4
{[%clk 1:22:10]} 13. Nxd4 {[%clk 1:23:17]} cxd4 {[%clk 1:19:14]} 14. Ne2
{[%clk 1:21:04]} Ne5 {[%clk 1:17:53]} 15. Be1 {[%clk 1:20:30]} b5
{[%clk 1:16:12]} 16. b3 {[%clk 1:18:42]} bxc4 {[%clk 1:13:01]} 17. dxc4
{[%clk 1:15:31]} Qb6 {[%clk 1:08:09]} 18. Nxd4 {[%clk 1:12:03]} Nxc4
{[%clk 1:07:18]} 19. Nc2 {[%clk 1:12:21]} Ne5 {[%clk 1:06:00]} 20. Bc3
{[%clk 1:06:57]} Bg4 {[%clk 1:00:25]} 21. Qd2 {[%clk 1:03:43]} Rfc8
{[%clk 0:58:21]} 22. Bxe5 {[%clk 1:02:24]} Bxe5 {[%clk 0:57:59]} 23. Ne3
{[%clk 0:59:37]} Be6 {[%clk 0:57:20]} 24. Nd5 {[%clk 0:58:58]} Bxd5
{[%clk 0:56:16]} 25. exd5 {[%clk 0:54:45]} Rc3 {[%clk 0:56:06]} 26. b4
{[%clk 0:52:44]} Rxa3 {[%clk 0:56:05]} 27. Rfc1 {[%clk 0:46:18]} Qd4
{[%clk 0:53:05]} 28. Qxd4 {[%clk 0:44:10]} Bxd4 {[%clk 0:53:26]} 29. Rc4
{[%clk 0:44:30]} Rd3 {[%clk 0:51:58]} 30. Rc2 {[%clk 0:43:11]} Rc3
{[%clk 0:50:32]} 31. Ra2 {[%clk 0:39:01]} Rbc8 {[%clk 0:45:24]} 32. Bf1
{[%clk 0:30:42]} Rc2 {[%clk 0:45:34]} 33. Rxc2 {[%clk 0:30:39]} Rxc2
{[%clk 0:45:56]} 34. Bxa6 {[%clk 0:30:52]} Rxf2 {[%clk 0:45:01]} 35. Kh1
{[%clk 0:31:13]} Rb2 {[%clk 0:42:06]} 36. Rxb2 {[%clk 0:28:36]} Bxb2
{[%clk 0:42:28]} 37. Kg2 {[%clk 0:29:02]} e5 {[%clk 0:42:04]} 38. dxe6
{[%clk 0:27:28]} fxe6 {[%clk 0:42:22]} 39. Kf3 {[%clk 0:27:47]} Ba3
{[%clk 0:42:11]} 40. b5 Bc5 41. Bc8 Kf7 42. Ke4 Kf6 43. Bb7 Bg1 44. h3 Bh2 45.
Kf3 Bg1 0-1

[Event "Larsens Nordjyske Mindeturnering2018"]
[Site "KATEDRALSKOLEN AALBORG"]
[Date "2018.10.17"]
[Round "5.6"]
[White "Hvenekilde, Jørgen"]
[Black "Ekelund, Kurt"]
[Result "1/2-1/2"]
[LiveChessVersion "1.4.8"]
[BlackElo "1972"]
[WhiteElo "2034"]

1. e4 {[%clk 1:30:40]} c5 {[%clk 1:30:51]} 2. Nf3 {[%clk 1:31:03]} Nc6
{[%clk 1:31:13]} 3. d4 {[%clk 1:31:23]} cxd4 {[%clk 1:31:33]} 4. Nxd4
{[%clk 1:31:45]} Nf6 {[%clk 1:31:55]} 5. Nc3 {[%clk 1:32:03]} e5 {[%clk 1:32:14]}
6. Nb3 {[%clk 1:31:45]} Bb4 {[%clk 1:31:49]} 7. Bd3 {[%clk 1:30:51]} d5
{[%clk 1:30:32]} 8. exd5 {[%clk 1:31:09]} Nxd5 {[%clk 1:30:57]} 9. O-O
{[%clk 1:30:36]} Nxc3 {[%clk 1:29:28]} 10. bxc3 {[%clk 1:30:41]} Bxc3
{[%clk 1:29:35]} 1/2-1/2

[Event "Larsens Nordjyske Mindeturnering2018"]
[Site "KATEDRALSKOLEN AALBORG"]
[Date "2018.10.18"]
[Round "6.1"]
[White "Nyholm Hansen, John"]
[Black "Nielsen, Poul Erik"]
[Result "1/2-1/2"]
[LiveChessVersion "1.4.8"]
[BlackElo "1987"]
[WhiteElo "2065"]

1. e4 {[%clk 1:30:17]} b6 {[%clk 1:30:10]} 2. d4 {[%clk 1:29:06]} Bb7
{[%clk 1:29:50]} 3. Bd3 {[%clk 1:28:29]} e6 {[%clk 1:28:56]} 4. Nf3
{[%clk 1:25:21]} Nf6 {[%clk 1:26:10]} 5. Qe2 {[%clk 1:23:15]} d5 {[%clk 1:23:38]}
6. Nbd2 {[%clk 1:13:53]} c5 {[%clk 1:18:38]} 7. exd5 {[%clk 1:04:49]} Nxd5
{[%clk 1:15:45]} 8. Bb5+ {[%clk 0:53:23]} Nd7 {[%clk 1:03:51]} 9. Ne5
{[%clk 0:47:57]} N5f6 {[%clk 1:04:01]} 10. dxc5 {[%clk 0:40:57]} Bxc5
{[%clk 1:01:25]} 11. Nxd7 {[%clk 0:38:47]} Nxd7 {[%clk 1:01:28]} 12. O-O
{[%clk 0:35:58]} 1/2-1/2

[Event "Larsens Nordjyske Mindeturnering2018"]
[Site "KATEDRALSKOLEN AALBORG"]
[Date "2018.10.18"]
[Round "6.2"]
[White "Jensen, Vagn"]
[Black "Danielsson, Robert"]
[Result "1-0"]
[LiveChessVersion "1.4.8"]
[BlackElo "1973"]
[WhiteElo "2172"]

1. e4 {[%clk 1:30:52]} c5 {[%clk 1:30:55]} 2. Nf3 {[%clk 1:30:57]} Nc6
{[%clk 1:31:20]} 3. d4 {[%clk 1:30:18]} cxd4 {[%clk 1:31:40]} 4. Nxd4
{[%clk 1:30:28]} g6 {[%clk 1:31:57]} 5. c4 {[%clk 1:28:39]} Bg7 {[%clk 1:32:19]}
6. Be3 {[%clk 1:28:44]} Nf6 {[%clk 1:32:38]} 7. Nc3 {[%clk 1:28:21]} d6
{[%clk 1:32:04]} 8. Be2 {[%clk 1:27:00]} O-O {[%clk 1:32:16]} 9. O-O
{[%clk 1:22:50]} Bd7 {[%clk 1:31:41]} 10. f4 {[%clk 1:16:46]} Nxd4
{[%clk 1:11:25]} 11. Bxd4 {[%clk 1:16:30]} Bc6 {[%clk 1:11:50]} 12. Bf3
{[%clk 1:15:17]} a5 {[%clk 1:10:46]} 13. b3 {[%clk 0:58:07]} Nd7 {[%clk 1:07:49]}
14. Bxg7 {[%clk 0:56:51]} Kxg7 {[%clk 1:07:42]} 15. Nd5 {[%clk 0:50:52]} Bxd5
{[%clk 0:52:27]} 16. exd5 {[%clk 0:50:06]} Qb6+ {[%clk 0:49:35]} 17. Kh1
{[%clk 0:49:49]} Qc5 {[%clk 0:48:34]} 18. Qd2 {[%clk 0:47:06]} b5
{[%clk 0:31:56]} 19. cxb5 {[%clk 0:44:30]} Qxb5 {[%clk 0:32:14]} 20. Rfe1
{[%clk 0:44:14]} Rfe8 {[%clk 0:32:18]} 21. Rac1 {[%clk 0:36:39]} Nc5
{[%clk 0:31:54]} 22. Rc4 {[%clk 0:35:44]} a4 {[%clk 0:12:26]} 23. f5
{[%clk 0:22:19]} axb3 {[%clk 0:10:36]} 24. Rh4 {[%clk 0:21:48]} h5
{[%clk 0:06:02]} 25. Rxh5 {[%clk 0:14:13]} bxa2 {[%clk 0:01:12]} 26. Qh6+
{[%clk 0:12:44]} Kf6 {[%clk 0:01:41]} 27. Qg5+ {[%clk 0:12:50]} Kg7
{[%clk 0:02:10]} 28. f6+ {[%clk 0:12:54]} exf6 {[%clk 0:01:34]} 29. Qh6+
{[%clk 0:13:10]} Kg8 {[%clk 0:01:59]} 30. Qh8# {[%clk 0:13:32]} 1-0

[Event "Larsens Nordjyske Mindeturnering2018"]
[Site "KATEDRALSKOLEN AALBORG"]
[Date "2018.10.18"]
[Round "6.3"]
[White "Jacobsen, Niels"]
[Black "Åke Malmdin, Nils"]
[Result "1/2-1/2"]
[LiveChessVersion "1.4.8"]
[BlackElo "2141"]
[WhiteElo "1883"]

1. e4 {[%clk 1:28:42]} g6 {[%clk 1:30:21]} 2. d4 {[%clk 1:29:00]} Bg7
{[%clk 1:30:41]} 3. Nf3 {[%clk 1:26:04]} c5 {[%clk 1:30:22]} 4. c4
{[%clk 1:22:47]} Qb6 {[%clk 1:20:37]} 5. dxc5 {[%clk 1:15:02]} Qxc5
{[%clk 1:20:54]} 6. Bd3 {[%clk 1:11:51]} d6 {[%clk 1:13:53]} 7. O-O
{[%clk 1:10:34]} Bg4 {[%clk 1:07:55]} 8. h3 {[%clk 1:07:23]} Be6 {[%clk 1:08:01]}
9. Be3 {[%clk 1:02:47]} Qc8 {[%clk 1:03:28]} 10. Bd4 {[%clk 0:56:21]} Nf6
{[%clk 1:03:13]} 11. Nc3 {[%clk 0:53:44]} Nc6 {[%clk 1:02:53]} 12. Nd5
{[%clk 0:49:34]} Nxd4 {[%clk 1:01:55]} 13. Nxd4 {[%clk 0:47:59]} Bd7
{[%clk 0:54:53]} 14. Rc1 {[%clk 0:46:43]} Nxd5 {[%clk 0:47:17]} 15. cxd5
{[%clk 0:46:50]} Qd8 {[%clk 0:47:40]} 16. Bb5 {[%clk 0:39:36]} O-O
{[%clk 0:47:47]} 17. Bxd7 {[%clk 0:39:28]} Qxd7 {[%clk 0:48:08]} 18. b3
{[%clk 0:39:30]} Rac8 {[%clk 0:47:30]} 19. Qd2 {[%clk 0:34:55]} Rc5
{[%clk 0:45:16]} 20. b4 {[%clk 0:34:24]} Rcc8 {[%clk 0:45:28]} 21. Nf3
{[%clk 0:32:16]} Qa4 {[%clk 0:41:05]} 22. Rxc8 {[%clk 0:28:10]} Rxc8
{[%clk 0:41:25]} 23. Rc1 {[%clk 0:28:25]} Rxc1+ {[%clk 0:37:19]} 24. Qxc1
{[%clk 0:28:45]} Qxb4 {[%clk 0:37:39]} 25. Qc8+ {[%clk 0:28:26]} Bf8
{[%clk 0:38:03]} 26. Ng5 {[%clk 0:22:51]} Qc5 {[%clk 0:38:10]} 27. Qg4
{[%clk 0:21:48]} Bh6 {[%clk 0:23:30]} 28. h4 {[%clk 0:19:44]} b5 {[%clk 0:20:34]}
29. Qd7 {[%clk 0:18:03]} Bxg5 {[%clk 0:18:03]} 30. hxg5 {[%clk 0:17:07]} Qc1+
{[%clk 0:18:25]} 31. Kh2 {[%clk 0:17:17]} Qxg5 {[%clk 0:18:38]} 32. Qxb5
{[%clk 0:15:35]} Qf4+ {[%clk 0:18:17]} 33. Kg1 {[%clk 0:15:21]} Qc1+
{[%clk 0:11:11]} 34. Kh2 {[%clk 0:15:20]} Qf4+ {[%clk 0:11:34]} 35. Kg1
{[%clk 0:15:42]} Qxe4 {[%clk 0:10:27]} 36. Qb8+ {[%clk 0:15:45]} Kg7
{[%clk 0:10:49]} 37. Qxa7 {[%clk 0:15:41]} Kf6 {[%clk 0:09:56]} 38. Qa8
{[%clk 0:13:44]} Qe1+ {[%clk 0:09:24]} 39. Kh2 {[%clk 0:13:44]} Qxf2
{[%clk 0:09:30]} 40. a4 {[%clk 0:12:17]} Ke5 {[%clk 0:06:17]} 41. a5
{[%clk 0:10:51]} Qh4+ {[%clk 0:22:46]} 42. Kg1 {[%clk 0:41:11]} Qd4+
{[%clk 0:23:02]} 43. Kh2 {[%clk 0:39:47]} Qxd5 {[%clk 0:06:34]} 44. Qh8+
{[%clk 0:39:49]} Kf4 {[%clk 0:04:22]} 45. a6 {[%clk 0:37:59]} Qh5+
{[%clk 0:03:59]} 46. Kg1 {[%clk 0:38:03]} Qc5+ {[%clk 0:03:45]} 47. Kh2
{[%clk 0:37:58]} Qa5 {[%clk 0:03:06]} 48. Qd4+ {[%clk 0:37:30]} Kf5
{[%clk 0:03:22]} 49. a7 {[%clk 0:35:23]} e5 {[%clk 0:03:40]} 50. Qd3+
{[%clk 0:31:28]} e4 {[%clk 0:04:00]} 51. Qd4 {[%clk 0:25:09]} d5 {[%clk 0:03:42]}
52. Qf2+ {[%clk 0:23:25]} Ke6 {[%clk 0:04:07]} 53. Qd4 {[%clk 0:22:36]} h5
{[%clk 0:04:20]} 54. Kg3 {[%clk 0:21:52]} g5 {[%clk 0:04:31]} 55. Qe3
{[%clk 0:17:54]} Kf5 {[%clk 0:04:40]} 56. Qf2+ {[%clk 0:17:07]} Ke6
{[%clk 0:05:07]} 57. Qd4 {[%clk 0:16:31]} f6 {[%clk 0:05:14]} 58. Qe3
{[%clk 0:15:42]} Ke5 {[%clk 0:04:42]} 59. Kh3 {[%clk 0:13:08]} Kf5
{[%clk 0:03:48]} 60. Qd4 {[%clk 0:11:52]} Ke6 {[%clk 0:03:53]} 61. Qe3
{[%clk 0:10:33]} Kf5 {[%clk 0:03:43]} 62. Qd4 {[%clk 0:10:41]} Kg6
{[%clk 0:04:02]} 63. Qe3 {[%clk 0:10:45]} f5 {[%clk 0:03:47]} 64. Qd4
{[%clk 0:10:49]} f4 {[%clk 0:02:59]} 65. Qe5 {[%clk 0:08:58]} Qxa7
{[%clk 0:03:06]} 66. Qe6+ {[%clk 0:09:10]} Kh7 {[%clk 0:02:44]} 67. Qf5+
{[%clk 0:09:13]} Kg8 {[%clk 0:02:46]} 68. Qxg5+ {[%clk 0:07:57]} Qg7
{[%clk 0:02:48]} 69. Qxd5+ {[%clk 0:07:10]} Kh8 {[%clk 0:02:40]} 70. Qxh5+
{[%clk 0:05:32]} Qh7 {[%clk 0:03:09]} 71. Qxh7+ {[%clk 0:05:23]} Kxh7
{[%clk 0:03:38]} 72. Kg4 {[%clk 0:04:41]} e3 {[%clk 0:03:59]} 73. Kf3
{[%clk 0:04:47]} Kg6 {[%clk 0:04:23]} 74. g3 {[%clk 0:04:59]} Kf5
{[%clk 0:04:39]} 75. gxf4 {[%clk 0:04:36]} e2 {[%clk 0:05:04]} 76. Kxe2
{[%clk 0:04:54]} Kxf4 {[%clk 0:05:28]} 1/2-1/2

[Event "Larsens Nordjyske Mindeturnering2018"]
[Site "KATEDRALSKOLEN AALBORG"]
[Date "2018.10.18"]
[Round "6.4"]
[White "Ekelund, Kurt"]
[Black "Grabow, Pouelsten"]
[Result "1/2-1/2"]
[LiveChessVersion "1.4.8"]
[BlackElo "2127"]
[WhiteElo "1972"]

1. e4 {[%clk 1:30:58]} e6 {[%clk 1:30:52]} 2. d3 {[%clk 1:30:54]} d5
{[%clk 1:31:15]} 3. Nd2 {[%clk 1:31:18]} Nf6 {[%clk 1:31:38]} 4. Ngf3
{[%clk 1:31:21]} c5 {[%clk 1:31:59]} 5. g3 {[%clk 1:31:36]} Nc6 {[%clk 1:32:21]}
6. Bg2 {[%clk 1:31:44]} Be7 {[%clk 1:32:45]} 7. O-O {[%clk 1:31:52]} b6
{[%clk 1:33:09]} 8. Re1 {[%clk 1:30:41]} Bb7 {[%clk 1:33:29]} 9. e5
{[%clk 1:30:50]} Nd7 {[%clk 1:33:51]} 10. Nf1 {[%clk 1:29:01]} Qc7
{[%clk 1:33:22]} 11. Bf4 {[%clk 1:28:12]} O-O-O {[%clk 1:32:25]} 12. c3
{[%clk 1:21:09]} h6 {[%clk 1:27:04]} 13. h4 {[%clk 1:20:22]} Rdg8
{[%clk 1:23:16]} 14. Qd2 {[%clk 1:01:33]} Qd8 {[%clk 1:19:40]} 1/2-1/2

[Event "Larsens Nordjyske Mindeturnering2018"]
[Site "KATEDRALSKOLEN AALBORG"]
[Date "2018.10.18"]
[Round "6.5"]
[White "O Andersen, Per"]
[Black "Chritiansen, Arne"]
[Result "1/2-1/2"]
[LiveChessVersion "1.4.8"]
[BlackElo "2051"]
[WhiteElo "1952"]

1. Nf3 {[%clk 1:30:53]} Nf6 {[%clk 1:30:44]} 2. e3 {[%clk 1:30:58]} c5
{[%clk 1:30:12]} 3. b3 {[%clk 1:30:11]} g6 {[%clk 1:30:05]} 4. Bb2
{[%clk 1:30:10]} Bg7 {[%clk 1:30:24]} 5. c4 {[%clk 1:30:15]} O-O {[%clk 1:30:32]}
6. Be2 {[%clk 1:30:16]} Nc6 {[%clk 1:30:26]} 7. O-O {[%clk 1:30:08]} b6
{[%clk 1:26:33]} 8. d4 {[%clk 1:28:19]} cxd4 {[%clk 1:26:52]} 9. exd4
{[%clk 1:21:00]} d5 {[%clk 1:25:08]} 10. cxd5 {[%clk 1:12:32]} Nxd5
{[%clk 1:25:27]} 11. Re1 {[%clk 1:12:03]} Bb7 {[%clk 1:24:44]} 12. Na3
{[%clk 1:09:50]} Rc8 1/2-1/2